000 00496nam a2200193 a 4500
001 1767765542719
003 YourLibrary
005 20260107144640.0
008 260107s2004##################000#0#eng##
020 _a9781594510120
082 0 4 _a301
_bLEM
100 1 _aLemert, Charles C.,
_eauthor.
245 1 0 _aSociology After the Crisis :
260 _bRoutledge,
_c2004.
300 _a320 pages
650 0 _aSocial Science.
942 _cENGLISH
040 _aYourLibrary
_beng
_cYourLibrary
999 _c607533
_d607533